000 00798nam a22002177a 4500
005 20251108173622.0
008 250721s2007 xx 000 0 ara d
082 1 4 _a658.401/غال
100 1 _aالغالبي، طاهر محسن منصور
245 1 0 _aدراسات في الإستراتيجية و بطاقة التقييم المتوازن /
246 1 1 _aReadings In Strategy & bALANCE sCORECARD
264 1 _aعمان :
_bدار زهران للنشر و التوزيع،
_c2007.
300 _a319 ص.
650 1 7 _aالتخطيط الإستراتيجي
650 1 7 _aتكنولوجيا المعلومات
650 1 7 _aتقييم الأداء
650 1 7 _aإدارة الأعمال
700 1 _aإدريس، وائل محمد صبحي
942 _2ddc
_cBK
999 _c108267
_d108267